000 00409nam a2200145Ia 4500
008 240729s9999 xx 000 0 und d
022 _a2321-4856
245 0 _aSaudi Journal of Medicine and Medical Sciences
260 _aIndia
260 _bWolters Kluwer Medknow Publications
650 _aMedicine
856 _uhttps://doaj.org/toc/6be05c8021c34352bf2bedddfaec85bf
942 _2ddc
942 _cDOAJEJ
999 _c71802
_d71802
945 _a1
_bMadushi Gamage
_c1
_dMadushi Gamage